2026/27 Süper Lig Teams - Statistics

General Stats
  • This quiz has been taken 5 times
  • The average score is 10 of 17
Answer Stats
Teams % Correct
Galatasaray
100%
Besiktas
80%
Fenerbahçe
80%
Alanyaspor
60%
Eyüpspor
60%
Göztepe
60%
Istanbul Basaksehir
60%
Kocaelispor
60%
Konyaspor
60%
Samsunspor
60%
Trabzonspor
60%
Amedspor
40%
Erzurumspor
40%
Gaziantep
40%
Gençlerbirligi
40%
Rizespor
40%
Kasimpasa
20%
No matching quizzes found
Score Distribution
Percent of People with Each Score
Percentile by Number Answered
Your Score History
You have not taken this quiz